Normal view
MARC view
Entry Personal Name
001 - CONTROL NUMBER
- control field: 162911
003 - CONTROL NUMBER IDENTIFIER
- control field: OSt
005 - DATE AND TIME OF LATEST TRANSACTION
- control field: 20220923213024.0
008 - FIXED-LENGTH DATA ELEMENTS
- fixed length control field: 220923|| aca||aabn | a|a d
040 ## - CATALOGING SOURCE
- Original cataloging agency: OSt
- Transcribing agency: OSt
100 ## - HEADING--PERSONAL NAME
- Personal name: गुप्त, राकेश; चतुर्वेदी, ऋषि कुमार, संपा
670 ## - SOURCE DATA FOUND
- Source citation: Work cat.: (OSt)313171: गुप्त, राकेश; चतुर्वेदी, ऋषि कुमार, संपा., नया सप्तक, 1973
